000
00313nam a2200109Ia 4500
008
220214s9999 xx 000 0 und d
100
_a
Wong C N
245
0
_a
Preliminary assessment of rubberwood (Hevea brasiliensis) for plywood manufacture
260
_b
Malaysian Forester
_c
1979
300
_a
30-37
942
_c
RE
999
_c
45957
_d
45957